|
|
|
|
| LEADER |
00952nam a2200265 a 4500 |
| 001 |
5919 |
| 003 |
BD-DhAAL |
| 005 |
20151013093920.0 |
| 008 |
151013s1995 nyu b 000 0 eng |
| 010 |
|
|
|a 95021269
|
| 020 |
|
|
|a 0749916176
|
| 020 |
|
|
|a 038547492X
|
| 040 |
|
|
|a DLC
|c DLC
|d DLC
|d BD-DhAAL
|
| 050 |
0 |
0 |
|a HD57.7
|b .G67 1996
|
| 082 |
0 |
0 |
|a 658.4/092
|2 20
|
| 100 |
1 |
|
|a Goss, Tracy.
|9 15382
|
| 245 |
1 |
4 |
|a The last word on power :
|b re-invention for leaders and anyone who must make the impossible happen /
|c Tracy Goss.
|
| 260 |
|
|
|a New York :
|a London :
|b Currency Doubleday,
|b Judy Piatkus,
|c c1996.
|
| 300 |
|
|
|a xviii, 255, p. ;
|c 25 cm.
|
| 504 |
|
|
|a Includes bibliographical references.
|
| 541 |
|
|
|e 5919
|
| 650 |
|
0 |
|a Leadership.
|9 15383
|
| 942 |
|
|
|2 ddc
|c BK
|
| 999 |
|
|
|c 35784
|d 35784
|
| 952 |
|
|
|0 0
|1 0
|2 ddc
|4 0
|6 658_400000000000000_092_GOS
|7 0
|9 56284
|a SCL
|b SCL
|c GEN
|d 2015-10-13
|l 1
|m 5
|o 658.4092 GOS
|p 3020005919
|r 2018-12-07
|s 2018-10-22
|t 1
|w 2015-10-13
|y BK
|